Načítá se...

Growth and form, Vol.2

Podrobná bibliografie
Hlavní autor: Thompson, D'arcy Wentworth
Médium: Printed Book
Vydáno: Cambridge University Press, Cambridge 1952
Vydání:2
Témata:
LEADER 00537nam a2200193 4500
020
082 |a 571.849 THO-G2.2 
100 |a Thompson, D'arcy Wentworth 
245 |a Growth and form, Vol.2 
250 |a 2 
260 |a Cambridge University Press, Cambridge  |c 1952 
300 |a 1116 
490
500
590 |a PRP  |b 2011-04-02 14:29:21 
650 |a Cell growth 
942 |c BK 
999 |c 94023  |d 94023 
952 |0 0  |1 0  |4 0  |6 571_849000000000000_THOG2_2  |7 0  |9 107491  |a AQU  |b AQU  |l 0  |o 571.849 THO-G2.2  |p AQU00124  |r 2019-09-25  |w 2019-09-25  |y BK